Linpac Mouldings Limited, Ecomold Limited (in administration), Mark Jeremy Orton, Allan Watson Graham v Aviva Life and Pensions UK Limited (formerly known as Norwich Union Life and Pensions) (Record no. 113063)
[ view plain ]
| 000 -LEADER | |
|---|---|
| fixed length control field | 01486cad a22001935a 4500 |
| 001 - CONTROL NUMBER | |
| control field | L154608 |
| 008 - FIXED-LENGTH DATA ELEMENTS--GENERAL INFORMATION | |
| fixed length control field | 120105e2010 xxk f 000 0 eng d |
| 035 ## - SYSTEM CONTROL NUMBER | |
| System control number | (Sirsi) u154608 |
| 041 0# - LANGUAGE CODE | |
| Language code of text/sound track or separate title | eng |
| 245 00 - TITLE STATEMENT | |
| Title | Linpac Mouldings Limited, Ecomold Limited (in administration), Mark Jeremy Orton, Allan Watson Graham v Aviva Life and Pensions UK Limited (formerly known as Norwich Union Life and Pensions) |
| Medium | [electronic resource] |
| 260 ## - PUBLICATION, DISTRIBUTION, ETC. | |
| Date of publication, distribution, etc. | 2010 |
| 520 ## - SUMMARY, ETC. | |
| Summary, etc. | [2010] EWCA Civ 395, 22 April 2010. Respondent A obtained a court declaration that Appellant L had lost its right to break by assigning three leases and L could not recover these rights by taking any assignment back. L appealed on the grounds that the leases were highly unusual and onerous and that the right to break was intended to be operable by L throughout the term of the leases and not exercisable only while L was the tenant. "Held": appeal dismissed. L remained liable under all three leases. L should have sublet rather than assign the leases whose break clauses only L could exercise. |
| 590 ## - LOCAL NOTE (RLIN) | |
| Local note | KA |
| 650 24 - SUBJECT ADDED ENTRY--TOPICAL TERM | |
| Topical term or geographic name entry element | LINPAC MOULDINGS LTD AND OTHERS V AVIVA LIFE AND PENSIONS UK LTD |
| 651 #4 - SUBJECT ADDED ENTRY--GEOGRAPHIC NAME | |
| Geographic name | England and Wales |
| Chronological subdivision | 1543- |
| 690 ## - LOCAL SUBJECT ADDED ENTRY--TOPICAL TERM (OCLC, RLIN) | |
| Topical term or geographic name as entry element | PROPERTY-COMMERCIAL PROPERTY-LEASEHOLD COMMERCIAL PROPERTY-COMMERCIAL LANDLORD AND TENANT-COMMERCIAL LEASES-ASSIGNMENT OF COMMERCIAL LEASES |
| 856 40 - ELECTRONIC LOCATION AND ACCESS | |
| Uniform Resource Identifier | <a href="https://www.bailii.org/ew/cases/EWCA/Civ/2010/395.html">https://www.bailii.org/ew/cases/EWCA/Civ/2010/395.html</a> |
| Public note | View the law report free of charge at www.bailii.org |
| 942 ## - ADDED ENTRY ELEMENTS (KOHA) | |
| Suppress in OPAC | 0 |
| Withdrawn status | Lost status | Source of classification or shelving scheme | Damaged status | Not for loan | Home library | Current library | Shelving location | Date acquired | Total Checkouts | Full call number | Barcode | Date last seen | Copy number | Price effective from | Koha item type |
|---|---|---|---|---|---|---|---|---|---|---|---|---|---|---|---|
| Dewey Decimal Classification | Virtual | Virtual | Online | 05/01/2012 | ONLINE PUBLICATION | 154608-2001 | 06/08/2019 | 1 | 06/08/2019 | Law report |